Johansen, Paul, 1901-1965. Balthasar Rüssow als Humanist und Geschichtsschreiber. - Köln [u.a.] : Böhlau. - 1996 [Rezension]

Titel: Johansen, Paul, 1901-1965. Balthasar Rüssow als Humanist und Geschichtsschreiber. - Köln [u.a.] : Böhlau. - 1996 [Rezension]
Verfasser:
In: Latvijas Zinātņu Akadēmija: Latvijas Zinātnu Akadēmijas vēstis. A daļa, Sociālās un humanitārās zinātnes, Band 52, Heft 4/6 (597/599) (1998), Seite 132-133
alle Artikel anzeigen
Veröffentlicht: 1998
Format: Aufsatz
Sprache: Keine Angabe
Kein Bild verfügbar
X
alg: 39515941
001A    $01999:12-11-16 
001B    $01999:09-08-21 $t17:41:29.000 
001D    $01999:12-11-16 
001U    $0utf8 
001X    $00 
002@    $0Aox 
003@    $0395159415 
007A    $0395159415 $aHEB 
007T    $0Herde00676 
010@    $axxx 
011@    $a1998 
021A    $aJohansen, Paul, 1901-1965. Balthasar Rüssow als Humanist und Geschichtsschreiber. - Köln {[u.a.] : Böhlau. -  1996 [Rezension] 
028A    $aEnn $dTarvel 
031A    $d52 $e4/6 (597/599) $h132-133 $j1998 
039B    $aIn $8--Abvc--Latvijas Zinātņu Akadēmija [Tb1]. Latvijas Zinātnu Akadēmijas vēstis. A daļa, Sociālās un humanitārās zinātnes. - Rīgā, 1992-. - ISSN 0868-6556 $x199800000520004868 $9048608599 
039T    $8--Aau--Johansen, Paul$Z1901-1965 [Tp1]. Balthasar Rüssow als Humanist und Geschichtsschreiber. - Köln {[u.a.] : Böhlau, 1996. - XII, 313 S.. - ISBN 3-412-08795-5 $9049648284 
045F    $a900.94798 $eDDC23BSB 
045F/01 $a900 
045F/03 $g4798 
045T    $a24 $a7,44 

lok: 39515941 78

exp: 39515941 78 1 #EPN
201B/01 $018-11-16 $t13:55:45.000 
201U/01 $0utf8 
203@/01 $0791463508 
208@/01 $a12-11-16 $be 
209A/01 $a/ $f000 $x00 
220C/01 $aTitelaufnehmer: pk 
220C/01 $aHerkunft: Baltische Bibliographie / P. Kaegbein 
244Z/01 $2Trx $#Estija $#Igaunija $#Estland $#Estonia $#Estonia $#Estónsko $#Estonsko $8--Trx--Eesti $x01 $9391237225 
244Z/01 $2Trx $#arvustused $#recenzijos $#Reviews $#recenziók $#recenzje $#recenzie $#recenze $8--Trx--Rezensionen $x02 $9391357441 
247C/01 $82080>Marburg/Lahn, Herder-Institut, Forschungsbibliothek, Bibliographieportal $9336309341
LEADER 00000caa a22000002c 4500
001 395159415
003 DE-603
005 20210809174129.0
007 tu
008 161112s1998 xx |||| | u00||u|xxx c
035 |a (DE-599)HEB395159415 
040 |a DE-603  |b ger  |c DE-603  |d DE-603 
041 |a xxx 
082 0 4 |8 1\u  |a 900.94798  |q DE-101  |2 23/BSB 
084 |a 24  |a 7,44  |2 ssgn 
085 |8 1\u  |b 900 
085 |8 1\u  |z 2  |s 4798 
100 1 |a Enn, Tarvel 
245 0 0 |a Johansen, Paul, 1901-1965. Balthasar Rüssow als Humanist und Geschichtsschreiber. - Köln ˜[u.a.] œ: Böhlau. - 1996 [Rezension] 
264 0 |c 1998 
773 0 8 |i In  |a Latvijas Zinātņu Akadēmija  |t Latvijas Zinātnu Akadēmijas vēstis. A daļa, Sociālās un humanitārās zinātnes  |d Rīgā, 1992-  |x 0868-6556  |g Band 52, Heft 4/6 (597/599) (1998), Seite 132-133  |w (DE-603)048608599  |w (DE-600)1116654-X 
787 0 8 |i Rezension von  |a Johansen, Paul, 1901-1965  |t Balthasar Rüssow als Humanist und Geschichtsschreiber  |d Köln ˜[u.a.] œ: Böhlau, 1996  |h XII, 313 S.  |z 3412087955  |w (DE-603)049648284 
924 0 |9 2080  |a (DE-603)791463508  |b DE-2080  |c HES  |d d  |g /